00357nam a2200109Ia 4500008004100000245012800041260003500169260000900204300001000213500000800223650001600231170224s9999 xx 000 0 und d aEffort, anhedonia, and function in schizophrenia: Reduced effort allocation predicts amotivation and functional impairment. bJournal of Abnormal Psychology c2014 a123:2 aMay xPsychology.